| 000 | 00977cam a2200313 i 4500 | ||
|---|---|---|---|
| 001 | 22223 | ||
| 003 | KOSZ 005 | ||
| 005 | 20220527085003.0 | ||
| 008 | 960808s1983 pl f |000 0 pol | ||
| 040 |
_cKOSZ 005/HR _aKOSZ 005/HR _dKOSZ 005/HR |
||
| 041 | _apol | ||
| 080 | _a316.2 | ||
| 080 | _a3-027.21 | ||
| 100 | 1 |
_aSzacki, Jerzy _d(1929-2016) _eAutor |
|
| 245 | 0 |
_aHistoria myśli socjologicznej. _nCz. 1 / _cJerzy Szacki. |
|
| 260 |
_aWarszawa : _bPaństwowe Wydawnictwo Naukowe, _c1983. |
||
| 300 |
_a456, [3] s. _c24 cm. |
||
| 380 | _aKsiążki | ||
| 388 | _a1901-2000 | ||
| 388 | _a1945-1989 | ||
| 504 | _aBibliogr. | ||
| 650 | 4 | _aSocjologia | |
| 650 | 4 | _aNauki społeczne | |
| 650 | 4 | _aHistoria | |
| 658 | _aSocjologia i społeczeństwo | ||
| 710 | 2 | _aPaństwowe Wydawnictwo Naukowe | |
| 856 |
_uhttp://koha.tu.koszalin.pl/cgi-bin/koha/opac-detail.pl?biblionumber=22223 _yKatalog online BPK |
||
| 942 |
_cKS _2UKD |
||
| 999 |
_c22223 _d22223 |
||